| Tag |
First Indicator |
Second Indicator |
Subfields |
| LEADER |
00000cgm a2200000Mi 4500 |
| 001 |
in00005556621 |
| 006 |
m o c |
| 007 |
cr |n||||||||a |
| 007 |
vz |za|z| |
| 008 |
221007s2016 vau054 e o vneng d |
| 005 |
20241201230949.1 |
| 035 |
|
|
|a (OCoLC)on1350664508
|
| 040 |
|
|
|a ALSTP
|b eng
|e rda
|c ALSTP
|d OCLCF
|d HF9
|d CJT
|d OCLCO
|d OCLCL
|
| 019 |
|
|
|a 1373489114
|
| 035 |
|
|
|a (OCoLC)1350664508
|z (OCoLC)1373489114
|
| 043 |
|
|
|a n-us---
|
| 050 |
|
4 |
|a HV555.U6
|
| 049 |
|
|
|a TXAM
|
| 245 |
0 |
0 |
|a Frontline.
|n Season 2016, episode 11,
|p Business of disaster /
|c directed by Rick Young ; narrated by Will Lyman ; produced by Rick Young, WGBH Boston, NPR.
|
| 246 |
3 |
0 |
|a Business of disaster
|
| 264 |
|
1 |
|a Arlington, VA :
|b Public Broadcasting Service,
|c 2016.
|
| 300 |
|
|
|a 1 online resource (54 minutes)
|
| 306 |
|
|
|a 005318
|
| 336 |
|
|
|a two-dimensional moving image
|b tdi
|2 rdacontent
|
| 337 |
|
|
|a computer
|b c
|2 rdamedia
|
| 337 |
|
|
|a video
|b v
|2 rdamedia
|
| 338 |
|
|
|a online resource
|b cr
|2 rdacarrier
|
| 347 |
|
|
|a video file
|2 rdaft
|
| 490 |
0 |
|
|a Frontline
|
| 500 |
|
|
|a Title from resource description page (viewed October 7, 2022).
|
| 520 |
|
|
|a Disasters are big business. An investigation with NPR into who profits when disaster strikes. Examine Superstorm Sandy: the thousands still not home, the agencies that were supposed to help, and the companies that made millions.
|
| 546 |
|
|
|a In English.
|
| 650 |
|
0 |
|a Hurricane Sandy, 2012.
|
| 650 |
|
0 |
|a Disaster relief
|z United States.
|
| 650 |
|
0 |
|a Flood insurance.
|
| 650 |
|
0 |
|a Disaster insurance.
|
| 650 |
|
0 |
|a Insurance companies
|x Corrupt practices
|z United States.
|
| 650 |
|
6 |
|a Ouragan Sandy, 2012.
|
| 650 |
|
6 |
|a Assurance contre les inondations.
|
| 650 |
|
6 |
|a Assurance contre les catastrophes.
|
| 650 |
|
6 |
|a Compagnies d'assurances
|x Pratiques déloyales
|z États-Unis.
|
| 650 |
|
7 |
|a Disaster insurance
|2 fast
|
| 650 |
|
7 |
|a Disaster relief
|2 fast
|
| 650 |
|
7 |
|a Flood insurance
|2 fast
|
| 650 |
|
7 |
|a Insurance companies
|x Corrupt practices
|2 fast
|
| 651 |
|
7 |
|a United States
|2 fast
|1 https://id.oclc.org/worldcat/entity/E39PBJtxgQXMWqmjMjjwXRHgrq
|
| 647 |
|
7 |
|a Hurricane Sandy
|d (2012)
|2 fast
|0 (OCoLC)fst01896399
|1 https://id.oclc.org/worldcat/entity/E39Qhp4vBbr3Mwwbb9G7KfkdMX
|
| 648 |
|
7 |
|a 2012
|2 fast
|
| 655 |
|
7 |
|a Documentary television programs
|2 fast
|
| 655 |
|
7 |
|a Documentary television programs.
|2 lcgft
|
| 655 |
|
7 |
|a Documentaires télévisés.
|2 rvmgf
|
| 700 |
1 |
|
|a Young, Rick
|c (Director),
|e director,
|e producer.
|
| 700 |
1 |
|
|a Lyman, Will,
|d 1948-
|e narrator.
|
| 710 |
2 |
|
|a WGBH (Television station : Boston, Mass.),
|e production company.
|
| 710 |
2 |
|
|a National Public Radio (U.S.),
|e production company.
|
| 710 |
2 |
|
|a Public Broadcasting Service (U.S.),
|e publisher.
|
| 730 |
0 |
|
|i In series :
|a Frontline (Television program)
|
| 856 |
4 |
0 |
|u http://proxy.library.tamu.edu/login?url=https://www.aspresolver.com/aspresolver.asp?MARC;5319252
|z Connect to this streaming video (Alexander Street Press)
|t 0
|
| 955 |
|
|
|a Alexander Street Press subscription streaming video
|
| 994 |
|
|
|a 92
|b TXA
|
| 999 |
f |
f |
|s dfdeaeb7-2ec5-45f6-9a67-887d1c53b691
|i 7467c945-2169-43ce-92ce-60e99e7bf33c
|t 0
|
| 952 |
f |
f |
|a Texas A&M University
|b College Station
|c Electronic Resources
|d Available Online
|t 0
|e HV555.U6
|h Library of Congress classification
|
| 998 |
f |
f |
|a HV555.U6
|t 0
|l Available Online
|